Online
Catalog

Cartas de cabildos hispanoaméricanos : (Record no. 40516)

MARC details
000 -CABECERA
campo de control de longitud fija 01052nam a2200241 a 4500
001 - NÚMERO DE CONTROL
campo de control 000041026
005 - FECHA Y HORA DE LA ÚLTIMA TRANSACCIÓN
campo de control 20201002034548.0
008 - DATOS DE LONGITUD FIJA--INFORMACIÓN GENERAL
campo de control de longitud fija 090819s1999 es 001 0 spa d
020 ## - NÚMERO INTERNACIONAL ESTÁNDAR DEL LIBRO
Número Internacional Estándar del Libro 8400058062
040 ## - FUENTE DE LA CATALOGACIÓN
Centro catalogador/agencia de origen DO-SdBNP
Lengua de catalogación spa
Centro/agencia transcriptor BNPHU
082 ## - NÚMERO DE LA CLASIFICACIÓN DECIMAL DEWEY
Número de clasificación xxxx
Número de documento/Ítem C322c
049 ## - FONDOS LOCALES (OCLC)
Fondos de biblioteca BNPD
245 00 - MENCIÓN DE TÍTULO
Título Cartas de cabildos hispanoaméricanos :
Resto del título audiencia de Lima /
Mención de responsabilidad, etc. Ha colaborado en los índices de este tomo Ma. Milagros Ciudad Suárez ; edición Javier Ortíz de la Tabla Bucasse ,María Jesús Mejías Álvarez, Águeda Rivera Garrido.
260 ## - PUBLICACIÓN, DISTRIBUCIÓN, ETC.
Lugar de publicación, distribución, etc. Sevilla :
Nombre del editor, distribuidor, etc. Escuela de Estudios Hipanoamericanos,
Fecha de publicación, distribución, etc. 1999.
300 ## - DESCRIPCIÓN FÍSICA
Extensión v. (278), p. ;
Dimensiones 25 cm.
500 ## - NOTA GENERAL
Nota general Incluye índice onomástico
500 ## - NOTA GENERAL
Nota general Publicación conmemorativa del v Centenario del Descubrimiento de América
505 0# - NOTA DE CONTENIDO CON FORMATO
Información miscelánea v. 1:
Título Los reyes -Lima siglos XVI-XVIi
700 1# - PUNTO DE ACCESO ADICIONAL--NOMBRE DE PERSONA
Nombre de persona Ortíz de la Tabla, Javier
Término indicativo de función/relación ed.
9 (RLIN) 15385
700 1# - PUNTO DE ACCESO ADICIONAL--NOMBRE DE PERSONA
Nombre de persona Mejías Álvarez, María Jesús
Término indicativo de función/relación ed.
9 (RLIN) 67499
700 1# - PUNTO DE ACCESO ADICIONAL--NOMBRE DE PERSONA
Nombre de persona Rivera Garrido, Águeda
Término indicativo de función/relación ed.
9 (RLIN) 67500
700 1# - PUNTO DE ACCESO ADICIONAL--NOMBRE DE PERSONA
Nombre de persona Ciudad Suárez, María Milagros
Término indicativo de función/relación cool
9 (RLIN) 67501
Holdings
Estado de retiro Estado de pérdida Restricciones de uso No para préstamo Código de colección Localización permanente Ubicación/localización actual Ubicación en estantería Fecha de adquisición Número de inventario Total de préstamos Signatura topográfica completa Código de barras Fecha visto por última vez Precio válido a partir de Tipo de ítem Koha
        Monografías: Libros y Folletos General General Orden iniciada 13.09.2013 LF1   xxxx C322c 41026-10 25.06.2020 25.06.2020 No se presta

Powered by Koha